| 000 | 00346nam a2200121Ia 4500 | ||
|---|---|---|---|
| 999 |
_c190 _d190 |
||
| 082 |
_aWB 18.2 _bPEG |
||
| 100 | _aPegington, John. | ||
| 245 | 0 |
_aMCQs for the FRCS Examinations in applied Basic Sciences _cPegington, John. |
|
| 260 |
_aLondon _bEdward Arnold _c1993 |
||
| 300 | _a105 | ||
| 650 | _aMedicine_Examination Questions. FRCS. | ||
| 942 |
_cBK _2ddc |
||